| 000 | 00732nmc a2200277 a 4500 | ||
|---|---|---|---|
| 003 | AR-BaBNM | ||
| 005 | 20251128211702.0 | ||
| 008 | 145020s2007 ||||||||||||||000 | spa|| | ||
| 020 | _a978-950-07-2219-3 | ||
| 040 | _cAR-BaBNM | ||
| 100 | 1 | _aAllende, Isabel | |
| 245 | 1 | 0 | _aEl bosque de los pigmeos |
| 250 | _a3ª ed. | ||
| 260 |
_aBuenos Aires _bSudamericana _c2007 |
||
| 300 | 0 | _a233 p. | |
| 490 | 0 | _aSudamericana Joven. Novela | |
| 500 | 1 | _aDiferentes ediciones, se consigna la última | |
| 650 | 4 | _aLITERATURA CHILENA | |
| 650 | 4 | _aLITERATURA CONTEMPORANEA | |
| 653 | 0 | _aNOVELA DE AVENTURAS | |
| 653 | 0 | _aLITERATURA JUVENIL | |
| 653 | 0 | _aNARRATIVA | |
| 655 | _aLITERATURA | ||
| 942 | _cBK | ||
| 998 | _cmartin | ||
| 999 |
_c20713 _d20713 |
||